00802cam a2200265 a 4500999001500000001000900015003000600024005001700030008004100047010001300088020001500101040001300116082001600129092001600145100002100161245005400182260003500236300002000271410001100291504005300302630002200355650002500377942001200402952012200414 c7582d758239633497OCoLC20190213161957.0980720s1998 tnu b 000 0 eng  a98038284 a084991325X aDLCcDLC a220.6bJ46M a220.6bJ46M1 aJeffrey, Grant R14aThe mysterious Bible codes /cby Grant R. Jeffrey aNashville :bWord Pub.,cc1998 a197 p. ;c25 cm20aengheb aIncludes bibliographical references (p. 193-197)00aBiblexProphecies 0aCiphers in the Bible 2ddccBK 00102ddc40708NFICaHMCbHMCcGENd2019-02-13g3850.00l0o220.6 J46Mp008690r2019-02-13 00:00:00w2019-02-13yBK